000
00283nam a2200121 a 4500
008
100920s1977|||| d
245
1
0
_a
Láska Jeanny Neuillovej
100
1
_a
Erenburg, Iľja
260
_b
Smena
_a
Bratislava
_c
1977
020
_c
20
044
_a
xo
_c
SK
041
_a
slo
999
_c
10528
_d
10528